000 00462nam a2200193Ia 4500
005 20250425162148.0
008 250425s9999 xx 000 0 und d
020 _a8448129083
041 _aspa
082 _a658.15
245 0 _aVALORACION DE EMPRESAS EN LA PRACTICA
250 _a1A ED.
260 _aEspaƱa
_bMC GRAW HILL
_c2001
260 _aMADRID
300 _a187
650 _aEMPRESAS COMERCIALES-VALORACION
942 _c01
010 _a53950
999 _c223589
_d223589